Vida y obra de Rabelais
Salvato in:
| Autore principale: | |
|---|---|
| Natura: | Libro |
| Lingua: | Undetermined |
| Pubblicazione: |
Buenos Aires, Argentina
Futuro
1943
|
| Soggetti: | |
| Tags: |
Aggiungi Tag
Nessun Tag, puoi essere il primo ad aggiungerne!!
|
MARC
| LEADER | 00000nam a2200000Ia 4500 | ||
|---|---|---|---|
| 008 | 170316s9999 xx 000 0 und d | ||
| 040 | |a cru BVZT | ||
| 090 | |a A-840 F-3v | ||
| 100 | |a France, Anatole | ||
| 245 | |a Vida y obra de Rabelais | ||
| 260 | |a Buenos Aires, Argentina | ||
| 260 | |b Futuro | ||
| 260 | |c 1943 | ||
| 300 | |a 220 páginas | ||
| 650 | |a LITERATURA FRANCESA | ||
| 650 | |a ANTOLOGÍA | ||
| 999 | |c 12414 |d 12414 | ||
| 942 | |c 15 D |h A-840 F-3v |2 z | ||
